000 00619nam a22001937a 4500
005 20251108163339.0
008 250721s1991 xx 000 0 ara d
082 1 4 _a158.2/فيش
100 1 _aروجر، فيشر
245 1 0 _aنحو التآلف و الإتفاق بناء علاقات إيجابية /
264 1 _aالقاهرة :
_bالدار الدولية للنشر والتوزيع،
_c1991.
300 _a275ص
650 1 7 _aالشخصية
650 1 7 _aعلم النفس
700 1 _aبراون، سكوت
700 1 _aرضوان، محمد محمود
_eترجمة
942 _2ddc
_cBK
999 _c377
_d377